| 000 | 00785pam a2200205 a 4500 | ||
|---|---|---|---|
| 020 | _a0195072081 (acidfree paper) | ||
| 040 | _cDLC | ||
| 082 | 0 | 0 | _a519 OXF 1991 A058 Or. |
| 100 | 1 | _aVavasis, Stephen A. | |
| 245 | 1 | 0 |
_aNonlinear optimization : _bcomplexity issues / |
| 260 |
_aNew York : _bOxford University Press, _c1991. |
||
| 300 |
_ax, 165 p. : _bill. ; _c25 cm. |
||
| 500 | _a"Based on the notes for a one-semester graduate course taught at Cornell University in the spring of 1990"--Pref. | ||
| 650 | 0 | _aComputational complexity. | |
| 650 | 0 | _aMathematical optimization. | |
| 650 | 0 | _aNonlinear theories. | |
| 856 | 4 | 2 | _uhttp://www.loc.gov/catdir/enhancements/fy0635/91017398-d.html |
| 856 | 4 | 1 | _uhttp://www.loc.gov/catdir/enhancements/fy0635/91017398-t.html |
| 942 | _cEK | ||
| 999 |
_c14026 _d14026 |
||